|
|
|
|
| LEADER |
00000nam a2200000 a 4500 |
| 001 |
UCT0917 |
| 003 |
CL-VaPUC |
| 008 |
960913e19760000US |||||||||||||||||eng|d |
| 082 |
0 |
4 |
|a 743.6
|b STU
|2 21
|
| 100 |
0 |
|
|a Stubbs, George
|e author
|9 369516
|
| 245 |
1 |
4 |
|a The anatomy of the horse
|
| 300 |
|
|
|a 121 p
|
| 942 |
|
|
|c BK
|
| 945 |
|
|
|d 19960913 00:00:00
|a nastorga
|
| 260 |
|
|
|a Nueva York
|b Dover
|c 1976
|
| 650 |
|
0 |
|a Anatomía animal
|9 338540
|
| 650 |
|
7 |
|a CABALLOS
|2 CL-VaPUC
|9 269057
|
| 650 |
|
0 |
|a Dibujos
|9 264123
|
| 650 |
|
0 |
|a Pintura
|9 265046
|
| 650 |
|
0 |
|a Escultura
|9 265737
|
| 650 |
|
0 |
|a Creación artística
|9 266215
|
| 583 |
|
|
|a last modification
|c 20150112 03:15:55
|k Rodrigo Vera
|
| 999 |
|
|
|c 251603
|d 251601
|
| 952 |
|
|
|0 0
|1 0
|4 0
|6 743_600000000000000_STU_1976
|7 0
|8 A
|9 270886
|a BIBARQ
|b BIBARQ
|d 2019-11-19
|i 3230252
|o 743.6 STU 1976
|p 3230252
|r 2025-01-20
|w 2019-11-19
|y BK
|k ARQ
|
| 952 |
|
|
|0 0
|1 0
|4 0
|6 743_600000000000000_STU_1976
|7 0
|8 A
|9 270887
|a BIBART
|b BIBART
|d 2019-11-19
|i 1204157
|o 743.6 STU 1976
|p 1204157
|r 2025-03-13
|w 2019-11-19
|y BK
|k ART
|